| Tag |
First Indicator |
Second Indicator |
Subfields |
| LEADER |
00000cam a2200000 a 4500 |
| 001 |
in00000073464 |
| 005 |
20151008053505.0 |
| 008 |
820130m18471848gw b 00010 ger d |
| 035 |
|
|
|a (OCoLC)08109122
|
| 035 |
|
|
|9 AAH7603AM
|
| 040 |
|
|
|a TXA
|c TXA
|d UtOrBLW
|
| 041 |
1 |
|
|a ger
|a grc
|
| 049 |
|
|
|a TXAM
|d [
|v = Bd]
|v 1-2 [1501053]
|v 3-4 [1501054]
|
| 090 |
|
|
|a B434.A7
|b S35 1847
|
| 100 |
0 |
|
|a Aristotle.
|
| 245 |
1 |
4 |
|a Die Metaphysik des Aristoteles /
|c Grundtext, Ubersetzung und Commentar, nebst erlauternden Abhandlungen, von Albert Schwegler.
|
| 264 |
|
1 |
|a Tubingen :
|b Fues,
|c 1847-1848.
|
| 300 |
|
|
|a 4 volumes in 2 ;
|c 22 cm.
|
| 336 |
|
|
|a text
|b txt
|2 rdacontent
|
| 337 |
|
|
|a unmediated
|b n
|2 rdamedia
|
| 338 |
|
|
|a volume
|b nc
|2 rdacarrier
|
| 500 |
|
|
|a The Greek text is that of Immanuel Bekker's recension, with added critical notes by Schwegler.
|
| 504 |
|
|
|a Includes bibliographical references.
|
| 505 |
0 |
|
|a Bd. 1. Grundtext und kritischer Apparat -- Bd. 2 Ubersetzung -- Bd. 3-4. Commentar.
|
| 650 |
|
0 |
|a Metaphysics.
|
| 700 |
1 |
|
|a Schwegler, Albert,
|d 1819-1857.
|
| 999 |
|
|
|a MARS
|
| 999 |
f |
f |
|s 4bddae5b-af5c-35d3-91c4-fa90db59c036
|i 07c02e36-36b2-3cf0-812c-5e7040bd323d
|t 0
|
| 952 |
f |
f |
|p ric
|a Texas A&M University
|b Rellis Campus
|c Joint Library Facility
|d Remote Storage
|t 0
|e B434.A7 S35 1847
|h Library of Congress classification
|i unmediated -- volume
|k Bd.3-4
|m A14806077450
|
| 952 |
f |
f |
|p ric
|a Texas A&M University
|b Rellis Campus
|c Joint Library Facility
|d Remote Storage
|t 0
|e B434.A7 S35 1847
|h Library of Congress classification
|i unmediated -- volume
|k Bd.1-2
|m A14806077442
|
| 998 |
f |
f |
|a B434.A7 S35 1847
|s Bd.1/2
|t 0
|l Remote Storage
|
| 998 |
f |
f |
|a B434.A7 S35 1847
|s Bd.3/4
|t 0
|l Remote Storage
|